Grasping basic English grammar (Record no. 27798)

MARC details
000 -LEADER
fixed length control field 00777nam a2200265 i 4500
001 - CONTROL NUMBER
control field C2-0111604
003 - CONTROL NUMBER IDENTIFIER
control field PPAK
005 - DATE AND TIME OF LATEST TRANSACTION
control field 20180727103445.0
008 - FIXED-LENGTH DATA ELEMENTS--GENERAL INFORMATION
fixed length control field 970626s1995 my |||| ||||| | eng d
020 ## - INTERNATIONAL STANDARD BOOK NUMBER
International Standard Book Number 9839080350
040 ## - CATALOGING SOURCE
Original cataloging agency PPAK
Language of cataloging eng
Transcribing agency PPAK
Description conventions rda
082 04 - DEWEY DECIMAL CLASSIFICATION NUMBER
Classification number 425
Edition number 23
090 00 - LOCALLY ASSIGNED LC-TYPE CALL NUMBER (OCLC); LOCAL CALL NUMBER (RLIN)
Classification number (OCLC) (R) ; Classification number, CALL (RLIN) (NR) 425
Feature heading NAN
Feature heading G
100 1# - MAIN ENTRY--PERSONAL NAME
Personal name Nandy, Milon,
Relator term author
245 10 - TITLE STATEMENT
Title Grasping basic English grammar
264 #1 - PRODUCTION, PUBLICATION, DISTRIBUTION, MANUFACTURE, AND COPYRIGHT NOTICE
Place of production, publication, distribution, manufacture Petaling Jaya, Selangor :
Name of producer, publisher, distributor, manufacturer Kumpulan Rusa ,
Date of production, publication, distribution, manufacture, or copyright notice 1995
300 ## - PHYSICAL DESCRIPTION
Extent 81 pages ;
Dimensions 22 cm
336 ## - CONTENT TYPE
Source rdacontent
Content type term text
337 ## - MEDIA TYPE
Source rdamedia
Media type term unmediated
338 ## - CARRIER TYPE
Source rdacarrier
Carrier type term volume
490 1# - SERIES STATEMENT
Series statement Short-cut to mastering English language skills
650 10 - SUBJECT ADDED ENTRY--TOPICAL TERM
Topical term or geographic name entry element English language - Grammar
830 #0 - SERIES ADDED ENTRY--UNIFORM TITLE
Uniform title Short-cut to mastering English language skills
942 ## - ADDED ENTRY ELEMENTS (KOHA)
-- dc
Koha item type Book
Holdings
Withdrawn Not for loan Current library Shelving location Date acquired Full call number Barcode Date last seen Koha item type Total Checkouts Date last checked out
    Perpustakaan Alor Setar Pinjaman Dewasa 20/02/1999 425 NAN A00248721 08/05/2018 Book    
    Perpustakaan Awam Sungai Petani Pinjaman Dewasa 31/01/2004 425 NAN A00415192 08/05/2018 Book    
    Perpustakaan Baling Pinjaman Dewasa 23/04/2003 425 NAN A00312307 08/05/2018 Book    
    Perpustakaan Jitra Pinjaman Dewasa 20/02/1999 425 NAN A00248723 08/05/2018 Book    
    Perpustakaan Kulim Pinjaman Dewasa 08/11/2003 425 NAN A00320317 24/07/2023 Book 2 27/06/2023
    Perpustakaan Langkawi Pinjaman Dewasa 07/03/2005 425 NAN A00349557 08/05/2018 Book    
    Perpustakaan Yan Pinjaman Dewasa 20/02/1999 425 NAN A00248726 08/05/2018 Book